| 000 | 00346 a2200157 4500 | ||
|---|---|---|---|
| 001 | 48745 | ||
| 020 | _a978-85-7905-621-5 | ||
| 040 | _cAnchieta - Bela Vista | ||
| 100 | _aColla, Mayli | ||
| 240 | 1 | 0 |
_aO gato e o canĂ¡rio _lpor |
| 245 | 1 | 0 | _aO gato e o canĂ¡rio |
| 300 | _a16 | ||
| 362 | 0 | _a2011 | |
| 650 | 4 | _aLiteratura infantil | |
| 942 | _cBK | ||
| 999 |
_c48745 _d48745 |
||